01578nam a2200505 u 4500001000400000003001000004005001700014008004100031035000800072035002100080040001300101041000800114082000800122100003900130245002900169260004300198300001400241650002600255650002500281650003200306650002400338650003300362650003100395650003300426650001800459650003600477650002800513650001800541650002800559650002900587650003800616650003900654650003500693650003300728650002200761650004600783650002700829650002400856650002800880650003300908700004000941773005900981942001701040999001501057266CO-MdUADB20250206184657.0950208s1990 spa  a266 a(OCoLC)778068490 ccomduadb aspa 4a50310aSherwood, Martin4auteaut950466210aMateria y energía. v.4 aBarcelona:bEdiciones Grijalbo,c1990. a248p. il. 7aFísica2lemb928205 7aQuímica2lemb9359 aQuímica industrial914095 7aÁtomos2lemb9189 7aContaminación2lemb958641 0aSeguridad química958877 aAccidentes químicos922899 aMateria95268 7aFuerza y energía2lemb930992 7aMovimiento2lemb939784 aSonidos92016 7aElectricidad2lemb9335 aElectromagnética91183 7aElementos químicos2lemb933420 7aReacciones químicas2lemb943486 aProducción industrial949137 aSustancias químicas955669 aFármacos961065 aPartículas elementales (Física)96687 7aRadiación2lemb9854 aRadiactividad92503 0aFisión nuclear935201 7aFusión nuclear2lemb9196510aSultor, Christine4auteaut94733930 tFuturo cienciaw261z8425322227w(OCoLC)5528257301113 cBOOKn02ddc c1095d1095